| 000 | 01103cam a22003255a 4500 | ||
|---|---|---|---|
| 001 | 15627676 | ||
| 005 | 20150628101241.0 | ||
| 008 | 090217t2010 enk frb 001 0 eng d | ||
| 020 | _a9780415777100 (hbk) | ||
| 020 | _a0415777100 (hbk) | ||
| 020 | _a9780415777117 (pbk) | ||
| 020 | _a0415777119 (pbk) | ||
| 020 | _a9780203872482 (ebk) | ||
| 020 | _a0203872487 (ebk) | ||
| 040 |
_aDLC _beng _dBTCTA _cDLC _dBAKER _dYDXCP _dUKM _dBWK _dBWKUK _dDLC _dEG-ScBUE |
||
| 082 | 0 | 4 |
_a305.8009 _bCIV _222 |
| 245 | 0 | 0 |
_aCivilizations in world politics : _bplural and pluralist perspectives / _cedited by Peter J. Katzenstein. |
| 260 |
_aAbingdon ; _aNew York : _bRoutledge / Taylor & Francis Group, _cc.2010. |
||
| 300 |
_axii, 236 p. ; _c24 cm. |
||
| 500 | _aIndex: p. 228-236. | ||
| 504 | _aBibliography: p. 201-227. | ||
| 590 | _aSara elBakry | ||
| 650 | 0 |
_aCultural pluralism _xPolitical aspects. _2BUEsh |
|
| 650 | 0 |
_aCivilization. _2BUEsh |
|
| 651 | _2BUEsh | ||
| 653 |
_bBUSBOL _cJune2015 |
||
| 655 |
_vreading book _934232 |
||
| 700 | 1 |
_aKatzenstein, Peter J., _eeditor. |
|
| 942 |
_2ddc _k305.8009 CIV |
||
| 999 |
_c19752 _d19724 |
||